Statistics for ALL Minecraft Blocks and their Variants pt 2: Ores, Stone, and Caves

Click here to take the quiz!

General Stats

  • This quiz has been taken 28 times
    (21 since last reset)
  • The average score is 41 of 152

Answer Stats

Block% Correct
Redstone Ore
94%
Stone
94%
Cobblestone
88%
Diamond Ore
88%
Copper Ore
81%
Deepslate
81%
Gold Ore
81%
Coal Ore
75%
Emerald Ore
75%
Iron Ore
75%
Lapis Lazuli Ore
75%
Cobbled Deepslate
69%
Andesite
63%
Diorite
63%
Granite
63%
Moss
63%
Mossy Cobblestone
63%
Deepslate Coal Ore
56%
Deepslate Copper Ore
56%
Deepslate Diamond Ore
56%
Deepslate Emerald Ore
56%
Deepslate Lapis Lazuli Ore
56%
Stone Bricks
56%
Deepslate Gold Ore
50%
Deepslate Iron Ore
50%
Deepslate Redstone Ore
50%
Lava
50%
Water
50%
Azalea
44%
Dripstone
44%
Moss Carpet
44%
Stone Slab
44%
Stone Stairs
44%
Stone Wall
44%
Amethyst Block
38%
Calcite
38%
Cracked Stone Bricks
38%
Mossy Stone Bricks
38%
Polished Andesite
38%
Polished Diorite
38%
Polished Granite
38%
Block of Coal
31%
Block of Diamond
31%
Block of Iron
31%
Block of Redstone
31%
Chiseled Stone
31%
Cobblestone Slab
31%
Cobblestone Stairs
31%
Cobblestone Wall
31%
Pointed Dripstone
31%
Polished Deepslate
31%
Polished Deepslate Slab
31%
Polished Deepslate Stairs
31%
Smooth Stone
31%
Stone Button
31%
Tuff
31%
Bedrock
25%
Block of Emerald
25%
Block of Lapis Lazuli
25%
Budding Amethyst
25%
Deepslate Bricks
25%
Deepslate Slab
25%
Deepslate Stairs
25%
Gravel
25%
Obsidian
25%
Polished Deepslate Wall
25%
Smooth Stone Slab
25%
Torch
25%
Activator Rail
19%
Deepslate Brick Slab
19%
Deepslate Brick Stairs
19%
Deepslate Brick Wall
19%
Deepslate Wall
19%
Dripleaf
19%
Glow Lichen
19%
Infested Chiseled Stone
19%
Infested Mossy Stone Bricks
19%
Infested Stone
19%
Infested Stone Bricks
19%
Minecart
19%
Polished Basalt
19%
Powered Rail
19%
Rails
19%
Smooth Stone Stairs
19%
Spyglass
19%
Waxed Copper Block
19%
Copper Slab
13%
Copper Stairs
13%
Cracked Deepslate Bricks
13%
Cut Copper
13%
Detector Rail
13%
Infested Mossy Cobblestone
13%
Iron Door
13%
Iron Trapdoor
13%
Lightning Rod
13%
Small Dripleaf
13%
Smooth Stone Wall
13%
Spore Blossom
13%
Waxed Copper Slab
13%
Waxed Copper Stairs
13%
Waxed Oxidized Copper Block
13%
Waxed Weathered Copper Block
13%
Waxed Weathered Copper Slab
13%
Waxed Weathered Copper Stairs
13%
Weathered Copper Block
13%
Weathered Copper Slab
13%
Weathered Copper Stairs
13%
Budding Azalea
6%
Chiseled Deepslate
6%
Cut Copper Slab
6%
Cut Copper Stairs
6%
Exposed Copper Block
6%
Exposed Copper Slab
6%
Exposed Copper Stairs
6%
Exposed Cut Copper Block
6%
Exposed Cut Copper Slab
6%
Exposed Cut Copper Stairs
6%
Glow Vines
6%
Infestes Cobblestone
6%
Oxidized Copper Block
6%
Oxidized Copper Slab
6%
Oxidized Copper Stairs
6%
Oxidized Cut Copper Block
6%
Oxidized Cut Copper Slab
6%
Oxidized Cut Copper Stairs
6%
Tiled Deepslate
6%
Tiled Deepslate Slab
6%
Tiled Deepslate Stairs
6%
Tiled Deepslate Wall
6%
Waxed Cut Copper Block
6%
Waxed Cut Copper Slab
6%
Waxed Cut Copper Stairs
6%
Waxed Exposed Copper Block
6%
Waxed Exposed Copper Slab
6%
Waxed Exposed Copper Stairs
6%
Waxed Exposed Cut Copper Block
6%
Waxed Exposed Cut Copper Slab
6%
Waxed Exposed Cut Copper Stairs
6%
Waxed Oxidized Copper Slab
6%
Waxed Oxidized Copper Stairs
6%
Waxed Oxidized Cut Copper Block
6%
Waxed Oxidized Cut Copper Slab
6%
Waxed Oxidized Cut Copper Stairs
6%
Waxed Weathered Cut Copper Block
6%
Waxed Weathered Cut Copper Slab
6%
Waxed Weathered Cut Copper Stairs
6%
Weathered Cut Copper Block
6%
Weathered Cut Copper Slab
6%
Weathered Cut Copper Stairs
6%
Weighted Pressure Plate (Heavy)
6%
Weighted Pressure Plate (Light)
6%

Score Distribution

Percentile by Number Answered

Percent of People with Each Score

Your Score History

You have not taken this quiz since the last reset